00809nam a22002297a 450000500170000001000150001702000260003203500140005803700090007208200120008110000340009324500760012726000500020327000560025330000230030949000110033250000290034370000300037294200260040299900190042895201320044720250421111519.0 aENG-144667 a9788119670208c425.00 aEN-128199 bDBAD a330.954 aBhattacharyya, Anirban980699 aIndustry 5.0 And Data Economy/cAnirban, Bhattacharyya, Cristina, Dolan aNew Delhi bVitasta Publishing Pvt Ltd c2024 a4348/4C, Ansari Road, Daryaganj bNew Delhie110002 a195 p.c19 cm.(hb) vvol 1  aStories of vedanta monks aSwami chetanananda976691 2ddccENh330.954mBHA c211020d211020 001040708NFICaBL1bBL1d2025-04-21eDBADg425.00l0o330.954 BHApEN-128199r2025-04-21 00:00:00t1v425.00w2025-04-21yEN